[Event "PHI-ch U08"]
[Site "San Antonio"]
[Date "2014.04.26"]
[Round "10"]
[White "Rafols, Ricky Jr"]
[Black "Velarde, Jerish John"]
[Result "0-1"]
[WhiteElo "1673"]
[BlackElo "1824"]
[PlyCount "84"]
[EventDate "2014.04.21"]
[EventType "swiss"]
[EventRounds "11"]
[EventCountry "PHI"]
[SourceTitle "CBM 160 Extra"]
[Source "ChessBase"]
[SourceDate "2014.07.01"]
[SourceVersion "1"]
[SourceVersionDate "2014.07.01"]
[SourceQuality "1"]

1. e4 c5 2. Nf3 Nc6 3. Be2 d6 4. 0-0 e5 5. Nc3 Be7 6. d3 Nf6 7. Bg5 0-0 8. Bxf6 Bxf6 9. Re1 Be6 10. Nd2 Bg5 11. Nc4 Nd4 12. Rf1 f5 13. exf5 Nxe2+ 14. Qxe2 Bxf5 15. Nb5 Be7 16. Ne3 Be6 17. c3 Qd7 18. Na3 d5 19. Nec2 Bd6 20. d4 cxd4 21. cxd4 e4 22. Nb5 Bf4 23. g3 Bh6 24. Nc3 Bg4 25. Qb5 Qxb5 26. Nxb5 Be2 27. Rfe1 Bxb5 28. Rad1 a5 29. Ne3 Bxe3 30. Rxe3 Rac8 31. Rc3 Rxc3 32. bxc3 Rf3 33. Rb1 Bc6 34. Rc1 Kf7 35. c4 dxc4 36. Rxc4 Ke6 37. Kf1 Bb5 38. d5+ Kxd5 39. Ke1 Kxc4 40. Kd1 Kc3 41. Ke1 e3 42. fxe3 Rf1# 0-1

[Event "PHI-ch U08"]
[Site "San Antonio"]
[Date "2014.04.25"]
[Round "8"]
[White "Rafols, Ricky Jr"]
[Black "Perez, Robert M1"]
[Result "0-1"]
[WhiteElo "1673"]
[BlackElo "1746"]
[PlyCount "75"]
[EventDate "2014.04.21"]
[EventType "swiss"]
[EventRounds "11"]
[EventCountry "PHI"]
[SourceTitle "CBM 160 Extra"]
[Source "ChessBase"]
[SourceDate "2014.07.01"]
[SourceVersion "1"]
[SourceVersionDate "2014.07.01"]
[SourceQuality "1"]

1. e4 e5 2. Nf3 Nc6 3. Bc4 Nf6 4. Qe2 Bc5 5. c3 d6 6. d3 Bg4 7. h3 Bh5 8. 0-0 0-0 9. b4 Bb6 10. a4 a6 11. Be3 Ba7 12. Nbd2 Qe7 13. Rfe1 a5 14. b5 Nd8 15. Nf1 Ne6 16. Ng3 Bg6 17. Rf1 Nh5 18. Nxh5 Bxh5 19. Bxa7 Nf4 20. Qe3 Bxf3 21. Qxf3 Rxa7 22. Qe3 b6 23. Bd5 Qg5 24. Qg3 Ne2+ 25. Kh2 Nxg3 26. fxg3 Qe3 27. Rac1 Qxd3 28. Rfd1 Qe3 29. Rf1 Qg5 30. Rc2 g6 31. Rcf2 Qe7 32. Rf6 Kg7 33. Rxf7+ Rxf7 34. Rxf7+ Qxf7 35. Bxf7 Kxf7 36. h4 Ke6 37. Kh3 h5 38. g4 0-1